|
|
|
|
| LEADER |
01035nam a2200229 a 4500 |
| 008 |
091012s1996 maua b 001 0 eng d |
| 020 |
|
|
|a 0070468192
|
| 040 |
|
|
|a DLC
|c DLC
|d DLC
|
| 082 |
0 |
0 |
|a 339
|2 21
|
| 100 |
1 |
|
|a McConnell, Campbell R.
|
| 245 |
1 |
0 |
|a Macroeconomics :
|b principles, problems, and policies /
|c Campbell R. McConnell, Stanley L. Brue.
|
| 250 |
|
|
|a 13th ed.
|
| 260 |
|
|
|a Boston :
|b Irwin/McGraw-Hill,
|c c1996.
|
| 300 |
|
|
|a 1 v. (various pagings) :
|b col. ill., col. maps ;
|c 26 cm.
|
| 504 |
|
|
|a Includes bibliographical references and index.
|
| 541 |
1 |
|
|e 00007870
|
| 650 |
|
0 |
|a Macroeconomics.
|
| 700 |
1 |
|
|a Brue, Stanley L.,
|d 1945-
|
| 852 |
4 |
|
|a Ayesha Abed Library
|j General shelf
|
| 999 |
|
|
|c 8062
|d 8062
|
| 952 |
|
|
|0 0
|1 0
|2 ddc
|4 0
|6 339_000000000000000_MCC
|7 0
|9 9169
|a BRACUL
|b BRACUL
|c GEN
|d 2010-04-12
|l 4
|m 20
|o 339 MCC
|p 3010007870
|r 2017-04-20
|s 2017-03-15
|t 1
|w 2010-04-12
|y BK
|
| 952 |
|
|
|0 0
|1 0
|2 ddc
|4 0
|6 339_000000000000000_MCC
|7 0
|9 9170
|a BRACUL
|b BRACUL
|c GEN
|d 2010-04-12
|l 2
|m 17
|o 339 MCC
|p 3010007871
|r 2015-07-04
|s 2015-03-12
|t 2
|w 2010-04-12
|y BK
|